MCU Characters Revamp - Statistics

General Stats
  • This quiz has been taken 31 times
  • The average score is 150 of 460
Answer Stats
Movie Debut Character % Correct
Iron Man Tony Stark
100%
Loki Odinson
88%
Captain America: The First Avenger Steve Rogers
88%
Thor Thor Odinson
88%
Harold Hogan
85%
Odin
85%
Captain America: Winter Soldier Sam Wilson
85%
James Buchanan Barnes
81%
James Rhodes
81%
Iron Man 2 Natasha Romanoff
81%
Virginia Potts
81%
Black Widow Yelena Belova
81%
The Incredible Hulk Bruce Banner
77%
Hank Pym
77%
The Falcon and the Winter Soldier John Walker
77%
Hawkeye Kate Bishop
77%
Peter Parker
77%
Ant-Man Scott Lang
77%
Vision
77%
Betty Ross
73%
The Avengers Clint Barton
73%
Gamora
73%
Groot
73%
Hope Van Dyne
73%
Ivan Vanko
73%
Moon Knight Marc Spector
73%
Margaret Carter
73%
Nick Fury
73%
Guardians of the Galaxy Peter Quill
73%
Rocket Raccoon
73%
Doctor Strange Stephen Strange
73%
Captain America: Civil War T'Challa
73%
Thaddeus Ross
73%
Captain Marvel Carol Danvers
69%
Drax the Destroyer
69%
Emil Blonsky
69%
Thor: Ragnarok Hela
69%
Janet Van Dyne
69%
Captain America: Brave New World Joaquin Torres
69%
Ms. Marvel Kamala Khan
69%
Obadiah Stane
69%
Avengers: Age of Ultron Pietro Maximoff
69%
Riri Williams
69%
Shuri
69%
Ultron
69%
Wanda Maximoff
69%
Shang-Chi and the Legend of the Ten Rings Xu Shang-Chi
69%
Charles Xavier
65%
Ego
65%
Heimdall
65%
Ant-Man and the Wasp: Quantumania Kang the Conqueror
65%
Maria Rambeau
65%
May Parker
65%
Namor
65%
Norman Osborn
65%
Otto Octavius
65%
Ronan the Accuser
65%
Thanos
65%
Valkyrie
65%
WIlson Fisk
65%
Spider-Man: Homecoming Adrian Toomes
62%
Antonia Dreykov
62%
Curt Conners
62%
Darren Cross
62%
Grandmaster
62%
Herman Schultz
62%
Jane Foster
62%
Justin Hammer
62%
Korg
62%
Kro
62%
Lady Sif
62%
Liz
62%
Logan
62%
Thor: The Dark World Malekith
62%
Matt Murdock
62%
Spider-Man: No Way Home Max Dillon
62%
Maya Lopez
62%
Mel
62%
Michelle Jones-Watson
62%
Nebula
62%
Phil Coulson
62%
Quentin Beck
62%
Reed Richards
62%
The Ancient One
62%
Deadpool & Wolverine Wade Wilson
62%
WandaVision Agatha Harkness
58%
Alexi Shostakov
58%
Ava Starr
58%
Brock Rumlow
58%
Dormammu
58%
Ebony Maw
58%
Flint Marko
58%
She-Hulk: Attorney At Law Jennifer Walters
58%
Laufey
58%
Maria Hill
58%
Ned Leeds
58%
Proxima Midnight
58%
Volstagg
58%
Wong
58%
Xu Wenwu
58%
Guardians of the Galaxy Vol. 3 Adam Warlock
54%
Iron Man 3 Aldrich Killian
54%
Cosmo
54%
Cull Obsidian
54%
Eric Brooks
54%
Frigga
54%
Gilgamesh
54%
Thor: Love and Thunder Gorr the God Butcher
54%
Hogun
54%
Howard Stark
54%
Howard the Duck
54%
Ikaris
54%
J.A.R.V.I.S
54%
Johnny Storm
54%
Kaecilius
54%
Laura
54%
Monica Rambeau
54%
Okoye
54%
Samuel Sterns
54%
Sharon Carter
54%
Wonder Man Simon Williams
54%
The Fantastic Four: First Steps Sue Storm
54%
Taneleer Tivan
54%
Taserface
54%
Alligator Loki
50%
Arnim Zola
50%
Blackagar Boltagon
50%
Cassie Lang
50%
Erik Selvig
50%
Flash Thompson
50%
Miek
50%
Eternals Sersi
50%
T'Chaka
50%
The High Evolutionary
50%
Thena
50%
Ajak
46%
Algrim
46%
Doctor Strange in the Multiverse of Madness America Chavez
46%
Ben Grimm
46%
Thunderbolts* Bob Reynolds
46%
Classic Loki
46%
Druig
46%
Galactus
46%
Helmut Zemo
46%
Werewolf By Night Jack Russell
46%
Guardians of the Galaxy Holiday Special Kevin Bacon
46%
M'Baku
46%
Nakia
46%
Rio Vidal
46%
Skurge
46%
Sprite
46%
Surtur
46%
Sylvie
46%
What If...? The Watcher
46%
Ulysses Klaue
46%
Yon-Rogg
46%
Zeus
46%
Black Panther: Wakanda Forever Ayo
42%
Billy Maximoff
42%
Darcy Lewis
42%
Frank Castle
42%
Hercules
42%
He Who Remains
42%
Kid Loki
42%
Kingo
42%
Namora
42%
Remy LeBeau
42%
Shalla-Bal
42%
Talos
42%
Ted
42%
Timothy Dugan
42%
Tommy Maximoff
42%
Trevor Slattery
42%
Victor Von Doom
42%
Alexander Pierce
38%
Ayesha
38%
Boastful Loki
38%
Christine Palmer
38%
Dane Whitman
38%
Dreykov
38%
F.R.I.D.A.Y
38%
Helen Cho
38%
Jimmy Woo
38%
Karen
38%
Katy
38%
Korath
38%
Mac Gargan
38%
Makkari
38%
Piotr Rasputin
38%
Ramonda
38%
Scott Summers
38%
Supreme Intelligence
38%
Yondu Udonta
38%
Abraham Erskine
35%
Baron Von Strucker
35%
Bill Foster
35%
Clea
35%
Dave
35%
Avengers: Infinity War Eitri
35%
Erik Lehnsherr
35%
Eros
35%
Goose
35%
Jack Duquesne
35%
Johann Schmidt
35%
Kurt
35%
Lemar Hoskins
35%
Luis
35%
Mary Puppins
35%
Mobius M. Mobius
35%
Loki Ravonna Renslayer
35%
Razor Fist
35%
Toad
35%
Victor Creed
35%
Aamir Khan
31%
Bullseye
31%
Cain Marko
31%
Cassandra Nova
31%
Chester Phillips
31%
Death Dealer
31%
Franklin Nelson
31%
Fred Dukes
31%
G'Iah
31%
Hank McCoy
31%
Ho Yinsen
31%
Hunter B-15
31%
Kareem
31%
Karl Mordo
31%
Khonshu
31%
Kidpool
31%
Ladypool
31%
Layla El-Faouly
31%
Mar-Vell
31%
Minn-Erva
31%
Miss Minutes
31%
Negasonic Teenage Warhead
31%
Psylocke
31%
White Vision
31%
W'Kabi
31%
Xu Xialing
31%
Arishem
27%
Att-Lass
27%
Azazel
27%
Corvus Glave
27%
Elektra Natchios
27%
Black Panther Erik Stevens
27%
Eternity
27%
Karli Morgenthau
27%
Kazimierz Kazimierczak
27%
Kraglin Obfonteri
27%
Maggie
27%
Melina Vostokoff
27%
Meredith Quill
27%
Raven Darkholme
27%
Ant-Man and the Wasp Sonny Burch
27%
The Russian
27%
Zuri
27%
Ammit
23%
Aneka
23%
Bron-Char
23%
Eleanor Bishop
23%
George Batroc
23%
Secret Invasion Gravik
23%
Hector Ayala
23%
Jennifer Kale
23%
Jim Paxton
23%
Kamran
23%
Lylla
23%
Mr. Paradox
23%
N'Jobu
23%
Ralph Bohner
23%
Raza
23%
Senator Stern
23%
Skaar
23%
Stakar Ogord
23%
Ying Li
23%
Ying Nan
23%
Aaron Davis
19%
Blind Al
19%
Casey
19%
Christine Everhart
19%
The Marvels Dar-Benn
19%
Dr. List
19%
Ellen Brandt
19%
Eugene Patillo
19%
Everett K. Ross
19%
Frandral
19%
Headpool
19%
Hunter C-20
19%
Irani Rael
19%
Isaiah Bradley
19%
Jentorra
19%
Jonathan Pangborn
19%
Karen Page
19%
Lady Deathstrike
19%
Laura Barton
19%
Leonard Samson
19%
Matthew Ellis
19%
Pip the Troll
19%
Rhomann Dey
19%
Rick Mason
19%
Taweret
19%
Yukio
19%
Anton Mogart
15%
Cowboypool
15%
Derek Bishop
15%
Donny Blaze
15%
Dopinder
15%
Eric Savin
15%
Gabe Jones
15%
Guang Bo
15%
Harry Osborn
15%
Jack Duquesne
15%
Jim Morita
15%
Joaquin Torres
15%
Spider-Man: Far From Home Julius Dell
15%
Your Friendly Neighborhood Spider-Man Lonnie Lincoln
15%
Lord Krylar
15%
Lucian
15%
Muneeba Khan
15%
Najma
15%
Nicodemus West
15%
Quaz
15%
Roger Harrington
15%
Rusty
15%
Sarah Wilson
15%
Ulysses Bloodstone
15%
Valentina Allegra De Fontaine
15%
Veb
15%
Yusuf Khan
15%
Zoe Zimmer
15%
Guardians of the Galaxy Vol. 2 Baby Groot
12%
Bruno Carrelli
12%
Cherry
12%
Daniel Blake
12%
Eddie
12%
Hawley
12%
James Sanders
12%
Nikki Ramos
12%
Ouroboros
12%
Peter Wisdom
12%
Prince Yan
12%
Ruth Bat-Seraph
12%
Sonya Falsworth
12%
Vanessa Fisk
12%
Verussa Bloodstone
12%
Victor Timely
12%
WIlliam Lopez
12%
Augustus Pugliese
8%
BB Urich
8%
Brad Wolfe
8%
Buck Cashman
8%
Bulldozer
8%
Deadpool 2099
8%
Daredevil: Born Again Heather Glenn
8%
John Allerdyce
8%
Keller
8%
Kirsten McDuffie
8%
Avengers: Doomsday Kurt Wagner
8%
Lilia Calderu
8%
P. Cleary
8%
Pearl Pangan
8%
Phineas Mason
8%
Sadie Deever
8%
Sharon Davis
8%
Sinister Strange
8%
Todd Phelps
8%
Vanessa Carlysle
8%
Aisha
4%
Alice Wu-Gulliver
4%
Amadeus Cho
4%
Anne Marie Hoag
4%
Arthur Arrow
4%
Beto
4%
Bonnie
4%
Chula
4%
Dennis Bukowski
4%
Dro'ge
4%
Elaine Walters
4%
Elias Spector
4%
Else Bloodstone
4%
Eric Williams
4%
Fariha
4%
Gale
4%
Gary
4%
General Dox
4%
Hasan
4%
Echo Henry Lopez
4%
Hunter D-90
4%
Infinity Ultron
4%
Jovan
4%
Judge Gamble
4%
Leila Taylor
4%
Luke Jacobson
4%
Lulu
4%
Mallory Book
4%
Mary MacPherran
4%
Megan Thee Stallion
4%
Morris Walters
4%
Nakia Bahadir
4%
Pagon
4%
Raava
4%
Ritson
4%
Sana
4%
Selim
4%
Skully
4%
Taloa
4%
Tyesha Hillman
4%
Ty-Rone
4%
Varra
4%
Vertigo
4%
Waleed
4%
Wendy Spector
4%
Asha
0%
Azarel
0%
Barasso
0%
Bentley Wittman
0%
Big Donovan
0%
Billy Fitzgerald
0%
Billy Swan
0%
Biscults
0%
Bobbi Kennedy
0%
Camilla Black
0%
Carla Conners
0%
Chris Stearns
0%
Copperhead
0%
Cousin John
0%
Golden Age Deadpool
0%
Haroldpool
0%
Harold Proctor
0%
Holt
0%
Jeanne Foucault
0%
Jeff Kaplan
0%
Joe McGillicuddy
0%
John Collins
0%
Liorn
0%
Maria Dizzia
0%
Maria Vasquez
0%
Master Karja
0%
Mrs. Lincoln
0%
Natalie Washington
0%
Neal Saroyan
0%
Ozaki
0%
Ironheart Parker Robbins
0%
Phil Grayfield
0%
Prescod
0%
Robber Baron
0%
Roninpool
0%
Ronnie Williams
0%
Rosa Dalton
0%
Sarah Proctor
0%
Seth Voelker
0%
Sheikh Abdullah
0%
Sheila Rivera
0%
Sicilian
0%
Vision Quest Tucker
0%
Agatha All Along William Kaplan
0%
Xavier Washington
0%
Zenpool
0%
No matching quizzes found
Score Distribution
Percent of People with Each Score
Percentile by Number Answered
Your Score History
You have not taken this quiz